| 000 | 00574nam a2200133Ia 4500 | ||
|---|---|---|---|
| 008 | 231129s2013||||xx |||||||||||||| ||spa|| | ||
| 020 | _a978-958-8343-90-7 | ||
| 040 | _bspa | ||
| 082 | _a577.3 V831v | ||
| 245 | 0 | _aVisión socioecosistémica de los páramos y la alta montaña colombiana : memorias del proceso de definición de criterios para la delimitación de páramos | |
| 260 | _c2013 | ||
| 264 | _aBogotá Colombia : MinAmbiente : Instituto de Investigación de Recursos Biológicos Alexader von Humboldt 2013. | ||
| 942 |
_2ddc _cBKS |
||
| 999 |
_c26354 _d26354 |
||